<?xml version="1.0" encoding="UTF-8"?>
<record
    xmlns:xsi="http://www.w3.org/2001/XMLSchema-instance"
    xsi:schemaLocation="http://www.loc.gov/MARC21/slim http://www.loc.gov/standards/marcxml/schema/MARC21slim.xsd"
    xmlns="http://www.loc.gov/MARC21/slim">

  <leader>02521nam a2200253 a 4500</leader>
  <controlfield tag="001">000015099</controlfield>
  <controlfield tag="005">20200929163945.0</controlfield>
  <controlfield tag="008">100201s2005    dr ac         001 0 spa d</controlfield>
  <datafield tag="020" ind1=" " ind2=" ">
    <subfield code="a">9993467227</subfield>
  </datafield>
  <datafield tag="040" ind1=" " ind2=" ">
    <subfield code="a">DO-SdBNP</subfield>
    <subfield code="b">spa</subfield>
    <subfield code="c">BNPHU</subfield>
  </datafield>
  <datafield tag="082" ind1=" " ind2=" ">
    <subfield code="a">920.24</subfield>
    <subfield code="b">P419M</subfield>
  </datafield>
  <datafield tag="100" ind1="1" ind2=" ">
    <subfield code="a">Penzo Pichardo, Mario Augusto</subfield>
    <subfield code="d">1944-</subfield>
    <subfield code="9">34182</subfield>
  </datafield>
  <datafield tag="245" ind1="1" ind2="0">
    <subfield code="a">Mario Penzo Fondeur :</subfield>
    <subfield code="b">una vida al servicio de la ingenier&#xED;a : apuntes e im&#xE1;genes de familia /</subfield>
    <subfield code="c">Mario Augusto Penzo Pichardo, Natalio Puras Penzo ; Pr&#xF3;logo Roque Napole&#xF3;n Mu&#xF1;oz.</subfield>
  </datafield>
  <datafield tag="260" ind1=" " ind2=" ">
    <subfield code="a">Santo Domingo :</subfield>
    <subfield code="b">Amigo del Hogar,</subfield>
    <subfield code="c">2005.</subfield>
  </datafield>
  <datafield tag="300" ind1=" " ind2=" ">
    <subfield code="a">279 p. :</subfield>
    <subfield code="b">il., retrs. ;</subfield>
    <subfield code="c">26 cm.</subfield>
  </datafield>
  <datafield tag="500" ind1=" " ind2=" ">
    <subfield code="a">Incluye datos biogr&#xE1;ficos de los autores en la contrasolapa</subfield>
  </datafield>
  <datafield tag="505" ind1="2" ind2=" ">
    <subfield code="a">Pr&#xF3;logo /Roque Napole&#xF3;n Mu&#xF1;oz --Introducci&#xF3;n -- Una vida al servicio de la ingenier&#xED;a / Mario Penzo Fondeur -- El profesor -- El funcionario p&#xFA;blico -- El empresario de la construcci&#xF3;n -- Padre de familia -- Sus pasatiempos -- Su libro : Apuntes de una c&#xE1;tedra -- Repercusiones internacionales -- Ex disc&#xED;pulos destacados -- Ultimas actividade -- Condecoraciones y homenajes -- Ep&#xED;logo -- Bibliograf&#xED;a --Apuntes e imagenes de familia reflexiones y dedicatoria -- La Deuda Sagrada -- Origen de los Fondeur -- Los 90 a&#xF1;os de Mamita Virginia -- Los 100 a&#xF1;os de Ninina -- El doctor Nicol&#xE1;s Penzo Fondeur -- Gloria y Federico Penzo Fondeur -- Primera Comuni&#xF3;n de Nicol&#xE1;s, Federico y Gloria Penzo Fondeur -- Mario, Ana y Nicol&#xE1;s Penzo Fondeur -- Mario Penzo Fondeur, sus familiares y algunas de sus obras -- Jos&#xE9; Augusto S&#xE1;nchez Penzo y Salvador S&#xE1;nchez, hijo de Jos&#xE9; Amado S&#xE1;nchez Penzo -- Nicol&#xE1;s Augusto Penzo Amarante Don Augusto -- 50 a&#xF1;os del matrimonio Penzo-Fondeur -- 50 aniversario de bodas Penzo-Pichardo -- Los 100 a&#xF1;os de Leticia Fondeur Viudad Penzo-- Llegada del primer Penzo a Rep&#xFA;blica Dominicana-- Nicol&#xE1;s Penzo-Pierre y su descendencia -- Mario Penzo-Amarante -- Ferreter&#xED;a Moderna de Augusto Penzo y Co. -APECO- -- Alejandro Leonte Penzo Amarante --Los Penzo Amarante, cofundadores del Centro de Recreo de Santiago -- Boda Nucha y Palote -- Fotograf&#xED;as de Isa Puras Penzo y Noem&#xED; Penzo Pichardo -- Matrimonio Puras-Penzo -- Cartas de T&#xED;o Goyo y Gregorita.</subfield>
  </datafield>
  <datafield tag="504" ind1=" " ind2=" ">
    <subfield code="a">Incluye bibliograf&#xED;a (p. 177)</subfield>
  </datafield>
  <datafield tag="600" ind1="1" ind2="4">
    <subfield code="a">PENZO FONDEUR, MARIO,</subfield>
    <subfield code="d">1910-2003</subfield>
    <subfield code="9">34183</subfield>
  </datafield>
  <datafield tag="650" ind1=" " ind2="4">
    <subfield code="a">Penzo fondeur (familia)</subfield>
    <subfield code="x">Genealog&#xED;a</subfield>
    <subfield code="9">34184</subfield>
  </datafield>
  <datafield tag="650" ind1=" " ind2="4">
    <subfield code="a">Ingenier&#xED;a civil</subfield>
    <subfield code="x">Historia</subfield>
    <subfield code="z">Rep&#xFA;blica Dominicana</subfield>
    <subfield code="9">34185</subfield>
  </datafield>
  <datafield tag="700" ind1="1" ind2=" ">
    <subfield code="a">Puras Penzo, Natalio,</subfield>
    <subfield code="d">1934-</subfield>
    <subfield code="9">34186</subfield>
  </datafield>
  <datafield tag="049" ind1=" " ind2=" ">
    <subfield code="a">BNPD</subfield>
  </datafield>
  <datafield tag="952" ind1=" " ind2=" ">
    <subfield code="0">0</subfield>
    <subfield code="1">0</subfield>
    <subfield code="5">2</subfield>
    <subfield code="7">0</subfield>
    <subfield code="8">DS</subfield>
    <subfield code="a">GR</subfield>
    <subfield code="b">GR</subfield>
    <subfield code="c">CT</subfield>
    <subfield code="d">2010-02-01</subfield>
    <subfield code="i">LF1</subfield>
    <subfield code="l">0</subfield>
    <subfield code="o">920.24 P419M</subfield>
    <subfield code="p">15099-30</subfield>
    <subfield code="r">2020-06-25</subfield>
    <subfield code="t">e. 3</subfield>
    <subfield code="w">2020-06-25</subfield>
    <subfield code="y">LFDS</subfield>
    <subfield code="Z">Pr&#xE9;stamo interno</subfield>
  </datafield>
  <datafield tag="952" ind1=" " ind2=" ">
    <subfield code="0">0</subfield>
    <subfield code="1">0</subfield>
    <subfield code="5">2</subfield>
    <subfield code="7">0</subfield>
    <subfield code="8">DS</subfield>
    <subfield code="a">GR</subfield>
    <subfield code="b">GR</subfield>
    <subfield code="c">CT</subfield>
    <subfield code="d">2010-02-01</subfield>
    <subfield code="i">LF1</subfield>
    <subfield code="l">0</subfield>
    <subfield code="o">920.24 P419M</subfield>
    <subfield code="p">15099-40</subfield>
    <subfield code="r">2020-06-25</subfield>
    <subfield code="t">e. 4</subfield>
    <subfield code="w">2020-06-25</subfield>
    <subfield code="y">LFDS</subfield>
    <subfield code="Z">Pr&#xE9;stamo interno</subfield>
  </datafield>
  <datafield tag="952" ind1=" " ind2=" ">
    <subfield code="0">0</subfield>
    <subfield code="1">0</subfield>
    <subfield code="7">-1</subfield>
    <subfield code="8">PD</subfield>
    <subfield code="a">PD</subfield>
    <subfield code="b">PD</subfield>
    <subfield code="c">OI</subfield>
    <subfield code="d">2010-02-01</subfield>
    <subfield code="i">LF1</subfield>
    <subfield code="l">0</subfield>
    <subfield code="o">920.24 P419M</subfield>
    <subfield code="p">15099-10</subfield>
    <subfield code="r">2020-06-25</subfield>
    <subfield code="w">2020-06-25</subfield>
    <subfield code="y">LFPD</subfield>
    <subfield code="Z">No se presta</subfield>
  </datafield>
  <datafield tag="952" ind1=" " ind2=" ">
    <subfield code="0">0</subfield>
    <subfield code="1">0</subfield>
    <subfield code="7">1</subfield>
    <subfield code="8">PD</subfield>
    <subfield code="a">PD</subfield>
    <subfield code="b">PD</subfield>
    <subfield code="c">CT</subfield>
    <subfield code="d">2010-02-01</subfield>
    <subfield code="i">LF1</subfield>
    <subfield code="l">0</subfield>
    <subfield code="o">920.24 P419M</subfield>
    <subfield code="p">15099-20</subfield>
    <subfield code="r">2020-06-25</subfield>
    <subfield code="t">e. 2</subfield>
    <subfield code="w">2020-06-25</subfield>
    <subfield code="y">LFPD</subfield>
    <subfield code="Z">No se presta</subfield>
  </datafield>
  <datafield tag="999" ind1=" " ind2=" ">
    <subfield code="c">14671</subfield>
    <subfield code="d">14671</subfield>
  </datafield>
</record>
